| 000 | 00551nam a2200181 i 4500 | ||
|---|---|---|---|
| 001 | 57995 | ||
| 003 | ES-MaACL | ||
| 005 | 20230906163712.0 | ||
| 007 | t| | ||
| 008 | 031020s1968 sp ||||1| spa d | ||
| 100 | 1 |
_aDucos, Marcel. _945848 |
|
| 245 | 1 | 4 |
_aLas relaciones humanas en la Iglesia / _cMarcel Ducos ; [versión castellana de Paulina Almerich]. |
| 250 | _a[1ª ed.]. | ||
| 260 |
_aBarcelona : _bNova Terra, _c[1968] |
||
| 300 |
_a291 p. ; _c17 cm. |
||
| 700 | 1 |
_aAlmerich i Padró, Paulina. _920149 |
|
| 852 |
_aES-MaACL _jC-36648 _bR.66592 |
||
| 999 |
_c57995 _d57995 |
||